000 00636nam a2200193 i 4500
001 57024
003 ES-MaACL
005 20230906163510.0
007 t|
008 031014s1935 sp ||||1| spa d
100 1 _aDíez Blanco, Alejandro.
_944680
245 1 3 _aEl método fenomenológico y la teoría de la conciencia /
_cpor Alejandro Díez Blanco.
260 _aValladolid :
_b[s.n,
_c1935] (
_fImp. Castellana)
300 _a16 p. ;
_c22 cm.
500 _aPrecede al tit. : Instituto Zorrilla de Valladolid.
500 _aEs el Cuaderno 1º.
710 2 _aInstituto Zorrilla (Valladolid)
_95254
852 _aES-MaACL
_j1804-F-16
999 _c57024
_d57024